De la gramatología / (Record no. 13419)

MARC details
000 -CABECERA
campo de control de longitud fija 00551nam a2200193 a 4500
005 - FECHA Y HORA DE LA ÚLTIMA TRANSACCIÓN
campo de control 20240924071030.0
008 - ELEMENTOS DE LONGITUD FIJA--INFORMACIÓN GENERAL
campo de control de longitud fija 991125m19712005mx 000 0 spa u
020 ## - NÚMERO INTERNACIONAL NORMALIZADO PARA LIBROS
Número Internacional Estándar del Libro 9682301823
035 ## - NÚMERO DE CONTROL DEL SISTEMA
Número de control de sistema UPN01000013419
049 ## - COLECCIÓN
Colección CG
050 #4 - SIGNATURA TOPOGRÁFICA DE LA BIBLIOTECA DEL CONGRESO
Número de clasificación P105
Número de documento/Ítem D4.38
100 1# - ASIENTO PRINCIPAL--NOMBRE PERSONAL
Nombre de persona Derrida, Jacques,
Fechas asociadas al nombre 1930-2004
9 (RLIN) 30374
245 10 - MENCIÓN DE TÍTULO
Título De la gramatología /
Mención de responsabilidad, etc. Jacques Derrida ; tr. Oscar del Barco.
260 ## - PUBLICACIÓN, DISTRIBUCIÓN, ETC.
Lugar de publicación, distribución, etc. México :
Nombre del editor, distribuidor, etc. Siglo XXI,
Fecha de publicación, distribución, etc. 1971 (2005 impr.).
300 ## - DESCRIPCIÓN FÍSICA
Extensión 397 p.
440 #0 - MENCIÓN DE SERIE/ASIENTO SECUNDARIO--TÍTULO
Título Pensamiento fundamental
650 #4 - ASIENTO SECUNDARIO DE MATERIA - TERMINO TEMATICO
Término de materia o nombre geográfico como elemento de entrada Lingüística
9 (RLIN) 6151
905 ## - TIPO DE MATERIAL
Tipo de material Libro
Holdings
Estado de retiro Estado de pérdida Fuente del sistema de clasificación o colocación Estado dañado No para préstamo Código de colección Localización permanente Ubicación/localización actual Ubicación en estantería Total de préstamos Clasificación Código de barras Fecha visto por última vez Número de copia Tipo de ítem Koha
    Library of Congress Classification     Colección General Bib. Gregorio Torres Quintero Bib. Gregorio Torres Quintero Planta baja 4 P105 D4.38 66945 31/12/2020 1 Libro
    Library of Congress Classification     Colección General Bib. Gregorio Torres Quintero Bib. Gregorio Torres Quintero Planta baja 3 P105 D4.38 248134 31/12/2020 1 Libro
    Library of Congress Classification     Colección General Bib. Gregorio Torres Quintero Bib. Gregorio Torres Quintero Planta baja 2 P105 D4.38 66946 31/12/2020 1 Libro
    Library of Congress Classification     Colección General Bib. Gregorio Torres Quintero Bib. Gregorio Torres Quintero Planta baja 2 P105 D4.38 11459 31/12/2020 1 Libro
    Library of Congress Classification     Colección General Bib. Gregorio Torres Quintero Bib. Gregorio Torres Quintero Planta baja 4 P105 D4.38 28720 31/12/2020 1 Libro
    Library of Congress Classification     Colección General Bib. Gregorio Torres Quintero Bib. Gregorio Torres Quintero Planta baja 3 P105 D4.38 66947 31/12/2020 1 Libro